000 00391nam a2200169Ia 4500
003 GCL
008 140319s9999 xx 000 0 eng d
040 _aGCL /
_cGCL
082 0 4 _a808.883
_bK J
100 1 _aKAFKA, FRANZ
245 1 0 _aJOURNAL /
_cKAFKA, FRANZ
260 _a[S.N] :
_bGRASSET ،
_c1994
300 _a674
650 0 4 _aLITERATURE
650 0 4 _aJOURNALS
942 _2ddc
_cBK
999 _c25490
_d25490